书目信息 |
| 题名: |
创新思维
|
|
| 作者: | 刘卫平 编著 | |
| 分册: | ||
| 出版信息: | 杭州 浙江人民出版社 1999 |
|
| 页数: | 242页 | |
| 开本: | 20cm | |
| 丛书名: | 创新实务丛书 | |
| 单 册: | ||
| 中图分类: | B804.4 | |
| 科图分类: | ||
| 主题词: | 思维科学 , 创造性思维--研究 | |
| 电子资源: | ||
| ISBN: | 7-213-02006-4 | |
| 000 | 00597nam0 2200217 45 | |
| 001 | 0304081598 | |
| 005 | 20070711152706.78 | |
| 010 | @a7-213-02006-4@dCNY12.00 | |
| 100 | @a20030408d1999 km y0chiy0120 ea | |
| 101 | 0 | @achi |
| 200 | 1 | @a创新思维@AChuang Xin Si Wei@f刘卫平编著@FLiu Wei Ping Bian Zhu |
| 210 | @a杭州@c浙江人民出版社@d1999 | |
| 215 | @a242页@d20cm | |
| 225 | @a创新实务丛书 | |
| 410 | @12001 @a创新实务丛书 | |
| 606 | 0 | @a思维科学 |
| 606 | 0 | @a创造性思维@x研究 |
| 690 | @aB804.4@v4 | |
| 701 | 0 | @a刘卫平@4编著 |
| 801 | @aCN@bTSTC@c20070711 | |
| 905 | @b322348-352@dB804.4@e13@f5 | |
| 创新思维/刘卫平编著.-杭州:浙江人民出版社,1999 |
| 242页;20cm.-(创新实务丛书) |
| ISBN 7-213-02006-4:CNY12.00 |
| ● |
| 相关链接 |
|
|
|
|
正题名:创新思维
索取号:B804.4/13
 
预约/预借
| 序号 | 登录号 | 条形码 | 馆藏地/架位号 | 状态 | 备注 |
| 1 | 0322348 | 203223485 | 第一借阅区/ [索取号:B804.4/13] | 在馆 | |
| 2 | 0322349 | 203223494 | 第一借阅区/ [索取号:B804.4/13] | 在馆 | |
| 3 | 0322350 | 203223500 | 第一借阅区/ [索取号:B804.4/13] | 在馆 | |
| 4 | 0322351 | 203223519 | 第一借阅区/ [索取号:B804.4/13] | 在馆 | |
| 5 | 0322352 | 203223528 | 第一样本阅览室/ [索取号:B804.4/13] | 在馆 | |
| 6 | 0769842 | 207698428 | 密集书库/ [索取号:B804.4/13] | 在馆 |